Catálogo

MANUAL DE MANTENIMIENTOS DE MONUMENTOS HISTORICOS (Registro nro. 34048)

Detalles MARC
000 -LEADER
fixed length control field 00474nam a2200157 a 4500
001 - CONTROL NUMBER
control field 34048
005 - DATE AND TIME OF LATEST TRANSACTION
control field 20180714002113.0
008 - FIXED-LENGTH DATA ELEMENTS--GENERAL INFORMATION
fixed length control field 140415s1988 000 0 spa d
020 ## - INTERNATIONAL STANDARD BOOK NUMBER
International Standard Book Number 9686038299
041 ## - LANGUAGE CODE
Language code of text/sound track or separate title spa
082 ## - DEWEY DECIMAL CLASSIFICATION NUMBER
Classification number 720.288
Item number MAN
245 00 - TITLE STATEMENT
Title MANUAL DE MANTENIMIENTOS DE MONUMENTOS HISTORICOS
260 ## - PUBLICATION, DISTRIBUTION, ETC.
Place of publication, distribution, etc. [s.l.] :
Name of publisher, distributor, etc. INSTITUTO NACIONAL DE ANTROPOLOGIA E HISTORIA,
Date of publication, distribution, etc. 1988
300 ## - PHYSICAL DESCRIPTION
Extent 62
650 14 - SUBJECT ADDED ENTRY--TOPICAL TERM
Topical term or geographic name entry element CONSERVACION Y RESTAURACION DE MONUMENTOS
Existencias
Withdrawn status Lost status Source of classification or shelving scheme Damaged status Not for loan Collection code Home library Current library Shelving location Date acquired Source of acquisition Inventory number Total Checkouts Full call number Barcode Date last seen Price effective from Koha item type
    Dewey Decimal Classification     General Biblioteca Karol Wojtyla Biblioteca Karol Wojtyla Sala general 03/12/2013 Compra 151000000000000000027852   720.288 MAN 51610 05/01/2026 03/12/2013 Libro